Online Catalogue and eLibrary

Moral Imperatives of National Renewal: (Record no. 1219)

MARC details
000 -LEADER
fixed length control field 00495nam a2200181Ia 4500
005 - DATE AND TIME OF LATEST TRANSACTION
control field 20250324015858.0
008 - FIXED-LENGTH DATA ELEMENTS--GENERAL INFORMATION
fixed length control field 240331s9999 xx 000 0 und d
082 ## - DDC Classification
Class No. 303.4
Item Number - Author Mark SHA
DDC Edition Number 3004
100 ## - MAIN ENTRY--PERSONAL NAME
Personal name Shahani, L. R
245 #0 - TITLE STATEMENT
Title Moral Imperatives of National Renewal:
Remainder of title Readings on the Moral Recovery Program
260 ## - PUBLICATION, DISTRIBUTION, ETC.
Place of publication, distribution, etc. Manila,
Name of publisher, distributor, etc. Republic of the Philippines, Senate
Date of publication, distribution, etc. 1993
300 ## - PHYSICAL DESCRIPTION
Extent (e.g. Volumes, Pages etc.) 108 p.,
650 ## - SUBJECT ADDED ENTRY--TOPICAL TERM
Topical term or geographic name entry element Morality
650 ## - SUBJECT ADDED ENTRY--TOPICAL TERM
Topical term or geographic name entry element Society
650 ## - SUBJECT ADDED ENTRY--TOPICAL TERM
Topical term or geographic name entry element Women
650 ## - SUBJECT ADDED ENTRY--TOPICAL TERM
Topical term or geographic name entry element Child
942 ## - Koha item type (Biblio)
Koha item type Books in Stacks (Lending)
Holdings
Lost status Damaged status Collection code Home library Current library Shelving location Date acquired Full call number Accession Number Item type
    Lending WERC Library WERC Library Social Science Cupboard 03/31/2024 303.4 SHA 3004 Books in Stacks (Lending)

© WERC Library